| 000 | 00736cad a22002175a 4500 | ||
|---|---|---|---|
| 001 | L153275 | ||
| 008 | 110704s2011 xxk f f000 0 eng d | ||
| 035 | _a(Sirsi) u153275 | ||
| 041 | 0 | _aeng | |
| 110 | 2 |
_aUnited Kingdom _kLaws, etc _95044 |
|
| 245 | 0 | 4 |
_aThe Building (Amendment) Regulations 2011 _h[electronic resource] |
| 260 |
_aLondon _bNational Archives _c2011 |
||
| 490 | 0 |
_aSI _v2011: 1515 |
|
| 520 | _aThese Regulations came into force on 15th July 2011. | ||
| 521 | 2 | _aAdvanced | |
| 590 | _aKA NTK | ||
| 651 | 4 |
_aEngland and Wales _y1543- |
|
| 690 |
_aBuilding regulations _96224 |
||
| 856 | 4 | 0 |
_uhttps://www.legislation.gov.uk/uksi/2011/1515/made _zView the document free of charge at www.legislation.gov.uk |
| 942 | _n0 | ||
| 999 |
_c112444 _d112444 |
||